000 00330 a2200109 4500
001 ART_9671
005 20260410161837.0
008 260409a
245 1 0 _aEnfoque gerencial de los costos
100 1 _aHerrscher, Enrique G.
773 0 _tContabilidad y administración
_g- Año 6, Nº 60 (jun. 1982)
_wREV5485
999 _c23791
_d23791